| 000 | 00834nam a2200229Ii 4500 | ||
|---|---|---|---|
| 003 | JO-AjNU | ||
| 008 | 230605s9999||||xx |||||||||||||| ||und|| | ||
| 017 | _a2007/1/228 | ||
| 020 | _a9957-16-309-9 | ||
| 040 |
_aJO-AjNU _bara _erda _cJO-AjNU |
||
| 041 | _aara | ||
| 050 | 1 | 4 | _aKMM399.F3764.2009 |
| 100 | 3 |
_a الفار ، عبد القادر ، مراجعة وتدقيق ، ملكاوي ، بشار عدنان , _eauthor _911704 |
|
| 245 | 0 | 0 | _aأحكام الالتزام آثار الحق في القانون المدني |
| 250 | _aط1 | ||
| 264 | 3 | 1 | _aعمان : دار الثقافة ، 2009 |
| 300 | _a288ص | ||
| 336 |
_atext _btxt _2rdacontent |
||
| 337 |
_aunmediated _bn _2rdamedia |
||
| 338 |
_avolume _bnc _2rdacarrier |
||
| 650 | 4 |
_aالقانون المدني -- أصول المحاكمات -- الأردن _911705 |
|
| 999 |
_aA2462 _c6030 _d6030 |
||